Harry Styles - Paroles Aperture - Statistiques

Statistiques générales
  • Ce quiz a été pris 55 fois
  • Le résultat moyen est 188 sur 252
Statistiques - réponses
Hint Réponse % Correct
belong
100%
Bridge I
100%
I
100%
to
100%
together
100%
Refrain We
100%
Aperture
97%
the
97%
in
91%
Couplet 3 In
91%
It
91%
it
91%
lets
91%
light
91%
on
91%
appears
88%
finally
88%
it's
88%
It's
88%
you
88%
for
85%
love
85%
me
85%
only
85%
don't
82%
know
82%
what
82%
I'm
79%
go
76%
Go
76%
no
74%
Couplet 1 Take
71%
prisoners
71%
best
68%
going
65%
told
65%
Drinks
62%
elevating
62%
my
62%
Time
62%
you're
62%
clean
59%
knees
59%
straight
59%
complicated
56%
is
56%
wait
53%
won't
53%
and
50%
from
50%
sleeve
50%
more
47%
spaces
47%
sold,
44%
Tokyo
44%
up
41%
Couplet 2 I've
38%
stray
38%
these
38%
tricks
38%
with
38%
player
35%
safe
35%
toying
32%
ask
29%
Bad
29%
boys,
29%
later
29%
questions
29%
review
29%
Trap
29%
wanna
29%
another
26%
Game
26%
good
26%
scenes
26%
called
24%
codes
24%
Dance
24%
doors,
24%
cadence
21%
forth,
21%
halls,
21%
receive
21%
state
21%
Aucun quiz correspondant
Distribution des résultats
% des personnes avec chaque résultat
Percentile par nombre de réponses
Votre historique - résultats
Vous n’avez pas pris ce quiz